| 000 | 01341nam a2200361 a 4500 | ||
|---|---|---|---|
| 001 | ebr10509336 | ||
| 003 | CaPaEBR | ||
| 006 | m u | ||
| 007 | cr cn||||||||| | ||
| 008 | 100929s2011 dcua sb 001 0 eng d | ||
| 010 | _z 2010041260 | ||
| 020 | _z9781555814816 (alk. paper) | ||
| 020 | _z1555814816 (alk. paper) | ||
| 020 | _z9781555817145 (e-book) | ||
| 040 |
_aCaPaEBR _cCaPaEBR |
||
| 035 | _a(OCoLC)760903392 | ||
| 050 | 1 | 4 |
_aQR89.7 _b.N542 2011eb |
| 082 | 0 | 4 |
_a572/.545 _222 |
| 245 | 0 | 0 |
_aNitrification _h[electronic resource] / _cedited by Bess B. Ward, Daniel J. Arp, Martin G. Klotz. |
| 260 |
_aWashington, D.C. : _bASM Press, _cc2011. |
||
| 300 |
_axiv, 445 p. : _bill. |
||
| 504 | _aIncludes bibliographical references and index. | ||
| 533 |
_aElectronic reproduction. _bPalo Alto, Calif. : _cebrary, _d2011. _nAvailable via World Wide Web. _nAccess may be limited to ebrary affiliated libraries. |
||
| 650 | 0 | _aNitrification. | |
| 650 | 0 |
_aNitrogen _xFixation. |
|
| 655 | 7 |
_aElectronic books. _2local |
|
| 700 | 1 | _aWard, Bess B. | |
| 700 | 1 | _aArp, D. J. | |
| 700 | 1 | _aKlotz, Martin G. | |
| 710 | 2 | _aAmerican Society for Microbiology. | |
| 710 | 2 | _aebrary, Inc. | |
| 856 | 4 | 0 |
_uhttp://site.ebrary.com/lib/rucke/Doc?id=10509336 _zAn electronic book accessible through the World Wide Web; click to view |
| 999 |
_c217173 _d217173 |
||